00719nam a2200241 a 4500001001300000003000900013005001700022008004100039020002300080082001600103100001900119245005100138260003400189300000900223500003500232505001700267650002700284700001900311902000800330942000700338952011700345999001500462nice12345678IN_TiNIC20260116013123.0050524s1998 oxfa grp 000 0 eng  a0745994 c69500a232.95bTHO aThomas, Gordon aMagdaleneb Jesus and the Woman Who Loved Him. aOxfordbLion Publishingc1998 a319p aincludes index and biblioraphy2 aBibliography aJesus Christ-Magdalene1 aThomas, Gordon bSRS cBK 001040708StackRoom-aHMIbHMId2007-06-19g695.00l0o232.95 THOp019839r2007-06-19v695.00w2005-05-24yBK c9739d9739